000 004260000a22001810004500
003 MACL
005 20160130153237.0
008 160130b xxu||||| |||| 00| 0 eng d
040 _aMACL
_cMACL
041 _aEnglish
082 _a823/GOT
100 _aGottlieb, Vera
_936238
245 _aChekhov
260 _bCambridge University
_c2000
_aNew York
350 _a595
650 _aDrama
_936239
942 _cBK
_k822/Got
_2ddc
999 _c31628
_d31628